Villes des Hauts-de-France - Click Quiz - Statistiques

Statistiques générales
  • Ce quiz a été pris 136 fois
  • Le résultat moyen est 13 sur 20
Statistiques - réponses
Hint Réponse % Correct
Lille Nord
91%
Valenciennes Nord
86%
Calais Pas-de-Calais
84%
Chantilly Oise
78%
Dunkerque Nord
76%
Beauvais Oise
75%
Amiens Somme
75%
Creil Oise
73%
Arras Pas-de-Calais
70%
Laon Aisne
67%
Saint-Omer Pas-de-Calais
65%
Abbeville Somme
65%
Lens Pas-de-Calais
64%
Soissons Aisne
62%
Saint-Quentin Aisne
59%
Maubeuge Nord
59%
Albert Somme
55%
Noyon Oise
51%
Peronne Somme
45%
Villers-Cotterêts Aisne
33%
Aucun quiz correspondant
Distribution des résultats
% des personnes avec chaque résultat
Percentile par nombre de réponses
Votre historique - résultats
Vous n’avez pas pris ce quiz